แสดงรายละเอียดบรรณานุกรม
  กลับหน้าหลัก

Brief Record : Get Marc (ISO 2709) : E-mail record : QR code ปิดหน้าต่าง
E-books : เกี่ยวกับ Collections
LEADER 00000nam 2200000uu 4500
001    210536
003     ULIBM
008    020711s2557 th a 000 0 tha d
020    978-616-314-138-5
060  4 WI 575 อ441 2557
245    อวัยวะในช่องท้องและอุ้งเชิงกราน : พื้นฐานทางการแพทย์=^bThe abdominopelvic organs : basic medical approach/^cบรรณาธิการ,ขจร ลักษณ์ชยปกรณ์...[และคนอื่นๆ].
246 00 ^aThe abdominopelvic organs : basic medical approach
250    พิมพ์ครั้งที่ 2
260    กรุงเทพฯ :^bโรงพิมพ์มหาวิทยาลัยธรรมศาสตร์,^c2557
300    544 หน้า :^bภาพประกอบ ;^c26 ซม.
650  4 ระบบย่อยอาหาร
650  4 ^aระบบปัสสาวะและอวัยวะสืบพันธุ์
650  4 ^aช่องท้อง^xกายวิภาคศาสตร์
700 0  ^aขจร ลักษณ์ชยปกรณ์,^eบรรณาธิการ
700 0  ^aณัฏฐกัญญา สุวรรณลิขิต,^eบรรณาธิการ
700 0  ^aตรีทิพย์ รัตนวรชัย,^eบรรณาธิการ
700 0  ^aนุชนาฏ เสือเล็ก,^eบรรณาธิการ
700 0  ^aอมรณัฏฐ์ ทับเปีย,^eบรรณาธิการ
700 0  ^aอุรารัตน์ แน่นหนา,^eบรรณาธิการ
999    ^aใช้งานได้ทุกระบบ
รายการนี้ยังไม่มีแท็ก
คุณยังไม่ได้ล็อกอิน คุณสามารถมีกิจกรรมร่วมกับเว็บไซต์ได้ แต่ต้องล็อกอินก่อน ::
  ล็อกอิน
ลำดับที่ ประเภท เลขเรียก สถานที่ สถานะ
1. หนังสือทั่วไป
หนังสือทั่วไป
สถานะ=หนังสือเก่า - บริการ ณ ห้องสมุด (ห้องเหลือง)
WI 575 อ441 2557 ฉ.1 
  
ห้องสมุด หอพักนักศึกษา (ห้องเหลือง) On Shelf
  ขอยืม
Note:งบประมาณปี 2558
2. หนังสือทั่วไป
หนังสือทั่วไป
WI 575 อ441 2557 ฉ.6 
  
การพยาบาลผู้ใหญ่ On Shelf
  ขอยืม
Note:จัดซื้อปีงบ 59
3. หนังสือทั่วไป
หนังสือทั่วไป
WI 575 อ441 2557 ฉ.2 
  
การพยาบาลผู้ใหญ่ On Shelf
  ขอยืม
Note:งบประมาณปี 2558
4. หนังสือทั่วไป
หนังสือทั่วไป
WI 575 อ441 2557 ฉ.3 
  
การพยาบาลผู้ใหญ่ On Shelf
  ขอยืม
Note:งบประมาณปี 2558
5. หนังสือทั่วไป
หนังสือทั่วไป
สถานะ=หนังสือเก่า - บริการ ณ ห้องสมุด (ห้องเหลือง)
WI 575 อ441 2557 ฉ.4 
  
ห้องสมุด หอพักนักศึกษา (ห้องเหลือง) On Shelf
  ขอยืม
Note:งบประมาณปี 2558
6. หนังสือทั่วไป
หนังสือทั่วไป
สถานะ=หนังสือเก่า - บริการ ณ ห้องสมุด (ห้องเหลือง)
WI 575 อ441 2557 ฉ.5 
  
ห้องสมุด หอพักนักศึกษา (ห้องเหลือง) On Shelf
  ขอยืม
Note:งบประมาณปี 2558
   [แสดง 6/6 รายการ]

รายการใกล้เคียง
    หัวเรื่อง [ระบบย่อยอาหาร]
    หัวเรื่อง [ระบบปัสสาวะและอวัยวะสืบพันธุ์]

BibComment


ยังไม่เคยถูกคอมเมนท์

คอมเมนท์ทรัพยากรรายการนี้
  คอมเมนท์: อวัยวะในช่องท้องแ..
Bib 210536

 
 
 

 Union Library Management : ULibM
Copyright 2026. All Rights Reserved.
скачать бесплатно без регистрации порно красивый секс HD Sex Hindi sex

xxx gou

xxxx

bfxxx

xxxwww

Секса Видео

xxxx

Секса Видео

detube

geilexxx

C99 Shell

worms shell

blod xxx video
Ebony Coed Rihanna Rimes Takes A Dick In Her Young Twat priyaa indian fuck anal and pusssy hardcore indian women xxx desi hardcore fucking part 1 bengalixxxcouple